书目信息 |
| 题名: |
ANSYS 11.0土木工程有限元分析典型范例
|
|
| 作者: | 赖永标 , 胡仁喜 , 黄书珍 编著 | |
| 分册: | ||
| 出版信息: | 北京 电子工业出版社 2007.10 |
|
| 页数: | 337页 | |
| 开本: | 28cm | |
| 丛书名: | CAD/CAM/CAE教学基地 | |
| 单 册: | ||
| 中图分类: | TU-39 | |
| 科图分类: | ||
| 主题词: | 土木工程--tu mu gong cheng--有限元分析--应用软件 | |
| 电子资源: | ||
| ISBN: | 978-7-121-04988-0 | |
| 000 | 01189nam 2200289 450 | |
| 001 | 012008888309 | |
| 005 | 20080120142543.01 | |
| 010 | @a978-7-121-04988-0@dCNY39.00 (含光盘) | |
| 100 | @a20080120d2007 em y0chiy0120 ea | |
| 101 | 0 | @achi |
| 102 | @aCN@b110000 | |
| 105 | @aa z 000yy | |
| 106 | @ar | |
| 200 | 1 | @aANSYS 11.0土木工程有限元分析典型范例@AANSYS 11.0 tu mu gong cheng you xian yuan fen xi dian xing fan li@f赖永标, 胡仁喜, 黄书珍编著@Flai yong biao,hu ren xi,huang shu zhen bian zhu |
| 210 | @a北京@c电子工业出版社@d2007.10 | |
| 215 | @a337页@c图@d28cm@e光盘1片 | |
| 225 | 2 | @aCAD/CAM/CAE教学基地@ACAD/CAM/CAE jiao xue ji di |
| 307 | @a光盘 ISBN : 978-7-89485-414-8 | |
| 330 | @a全书分为7章,分别为有限元软件ANSYS简介、APDL及土木工程中常用单元简介、ANSYS隧道工程应用实例分析、ANSYS边坡工程应用实例分析、ANSYS房屋建筑工程应用实例分析等。 | |
| 410 | 0 | @12001 @aCAD/CAM/CAE教学基地 |
| 606 | 0 | @a土木工程@Atu mu gong cheng@x有限元分析@x应用软件 |
| 690 | @aTU-39@v4 | |
| 701 | 0 | @a赖永标@Alai yong biao@4编著 |
| 701 | 0 | @a胡仁喜@Ahu ren xi@4编著 |
| 701 | 0 | @a黄书珍@Ahuang shu zhen@4编著 |
| 801 | 0 | @aCN@bQSSK@c20080120 |
| 905 | @b279613-15@dTU-39@eL032@f3 | |
| ANSYS 11.0土木工程有限元分析典型范例/赖永标, 胡仁喜, 黄书珍编著.-北京:电子工业出版社,2007.10 |
| 337页:图;28cm+光盘1片.-(CAD/CAM/CAE教学基地) |
| ISBN 978-7-121-04988-0:CNY39.00 (含光盘) |
| 全书分为7章,分别为有限元软件ANSYS简介、APDL及土木工程中常用单元简介、ANSYS隧道工程应用实例分析、ANSYS边坡工程应用实例分析、ANSYS房屋建筑工程应用实例分析等。 |
| ● |
| 相关链接 |
|
|
|
正题名:ANSYS 11.0土木工程有限元分析典型范例
索取号:TU-39/L032
 
预约/预借
| 序号 | 登录号 | 条形码 | 馆藏地/架位号 | 状态 | 备注 |
| 1 | 279613 | 202796135 | 建筑库101/101建筑库 10排1列4层/ [索取号:TU-39/L032] | 在馆 | |
| 2 | 279614 | 202796144 | 建筑库101/101建筑库 10排1列4层/ [索取号:TU-39/L032] | 在馆 | |
| 3 | 279615 | 202796153 | 建筑库101/101建筑库 10排1列4层/ [索取号:TU-39/L032] | 在馆 |